Ngữ pháp chức năng tiếng Việt, câu trong tiếng Việt, Quyển 1

Gardado en:
Detalles Bibliográficos
Formato: Libro
Publicado: 2003
Các nhãn: Engadir etiqueta
Sen Etiquetas, Sexa o primeiro en etiquetar este rexistro!
Thư viện lưu trữ: Mạng thư viện Đại học Đà Nẵng
LEADER 00490nam a22001811a 4500
001 000039218
003 15513
005 20160412021933.0
008 160412s2003 000
082 |a 4V(TK)909-10 
245 |a Ngữ pháp chức năng tiếng Việt, câu trong tiếng Việt, Quyển 1  |c Cao Xuân Hạo 
260 |c 2003 
OWN |a LNN 
999 |a From the UDN01 
TYP |a Monograph 
980 |a Mạng thư viện Đại học Đà Nẵng